New strategies for leisure provision (Record no. 8669)
[ view plain ]
| 000 -LEADER | |
|---|---|
| fixed length control field | 01045cab a2200217 4500 |
| 001 - CONTROL NUMBER | |
| control field | ABS38942 |
| 008 - FIXED-LENGTH DATA ELEMENTS--GENERAL INFORMATION | |
| fixed length control field | 090401t1988 xxu||||| |||| 00| 0 eng d |
| 035 ## - SYSTEM CONTROL NUMBER | |
| System control number | (Sirsi) u13448 |
| 041 ## - LANGUAGE CODE | |
| Language code of text/sound track or separate title | eng |
| 100 ## - MAIN ENTRY--PERSONAL NAME | |
| Personal name | Martin, B. |
| 245 ## - TITLE STATEMENT | |
| Title | New strategies for leisure provision |
| 260 ## - PUBLICATION, DISTRIBUTION, ETC. | |
| Date of publication, distribution, etc. | 1988 |
| 350 ## - PRICE (NR) (BK AM CF MU VM SE) [OBSOLETE] | |
| Price | 0 |
| 490 ## - SERIES STATEMENT | |
| Series statement | Leisure Management |
| Volume/sequential designation | February 1988, 26-28(3) |
| 520 ## - SUMMARY, ETC. | |
| Summary, etc. | Government restraints on spending, the introduction of competitive tendering and the rising affluence of consumers have put the role of local authorities in leisure provision in doubt. This article suggests a new leisure strategy for local authorities, in the light of political and social changes, which will ensure that the best possible leisure facilites are available to the public and that more help goes to those with the greatest need, while at the same time making better use of other interested organisations. References. |
| 650 ## - SUBJECT ADDED ENTRY--TOPICAL TERM | |
| Topical term or geographic name entry element | DEVELOPMENT |
| 690 ## - LOCAL SUBJECT ADDED ENTRY--TOPICAL TERM (OCLC, RLIN) | |
| Topical term or geographic name as entry element | PLANNING LAW AND PRACTICE |
| 700 ## - ADDED ENTRY--PERSONAL NAME | |
| Personal name | Mason, S. |
| 942 ## - ADDED ENTRY ELEMENTS (KOHA) | |
| Suppress in OPAC | 0 |
| 948 ## - LOCAL PROCESSING INFORMATION (OCLC); SERIES PART DESIGNATOR (RLIN) | |
| c (OCLC) | 04/03/1997 |
| Withdrawn status | Lost status | Source of classification or shelving scheme | Damaged status | Not for loan | Home library | Current library | Shelving location | Date acquired | Total Checkouts | Full call number | Barcode | Date last seen | Copy number | Price effective from | Koha item type |
|---|---|---|---|---|---|---|---|---|---|---|---|---|---|---|---|
| Dewey Decimal Classification | London | London | Journal article | 14/09/1999 | ABS38942 | 13448-1001 | 06/08/2019 | 1 | 06/08/2019 | Journal article |